LEADER 03364nam 22007815 450 001 9910552749103321 005 20251225212329.0 010 $a3-030-96753-0 024 7 $a10.1007/978-3-030-96753-6 035 $a(MiAaPQ)EBC6897000 035 $a(Au-PeEL)EBL6897000 035 $a(CKB)21383023000041 035 $a(PPN)260826650 035 $a(BIP)83380950 035 $a(BIP)82956945 035 $a(DE-He213)978-3-030-96753-6 035 $a(EXLCZ)9921383023000041 100 $a20220225d2022 u| 0 101 0 $aeng 135 $aurcnu|||||||| 181 $ctxt$2rdacontent 182 $cc$2rdamedia 183 $acr$2rdacarrier 200 10$aSmart Cities $e4th Ibero-American Congress, ICSC-Cities 2021, Cancún, Mexico, November 29 - December 1, 2021, Revised Selected Papers /$fedited by Sergio Nesmachnow, Luis Hernández Callejo 205 $a1st ed. 2022. 210 1$aCham :$cSpringer International Publishing :$cImprint: Springer,$d2022. 215 $a1 online resource (331 pages) 225 1 $aCommunications in Computer and Information Science,$x1865-0937 ;$v1555 311 08$aPrint version: Nesmachnow, Sergio Smart Cities Cham : Springer International Publishing AG,c2022 9783030967529 320 $aIncludes bibliographical references and index. 327 $aComputational intelligence for smart cities -- Urban informatics -- Internet of things, smart energy and smart grid. 330 $aThis book constitutes the thoroughly refereed proceedings of the 4th Ibero-American Congress, ICSC-CITIES 2021, held in Cancún, Mexico, in November - December 2021. Due to the COVID-19 pandemic the conference was partially held online. The 21 full papers and one short paper presented were carefully reviewed and selected from 112 submissions. The papers are organized in topical sections on computational intelligence for smart cities; urban informatics; internet of things, smart energy and smart grid. 410 0$aCommunications in Computer and Information Science,$x1865-0937 ;$v1555 606 $aComputer engineering 606 $aComputer networks 606 $aComputers, Special purpose 606 $aSoftware engineering 606 $aArtificial intelligence 606 $aComputer systems 606 $aComputer Engineering and Networks 606 $aSpecial Purpose and Application-Based Systems 606 $aSoftware Engineering 606 $aArtificial Intelligence 606 $aComputer Communication Networks 606 $aComputer System Implementation 615 0$aComputer engineering. 615 0$aComputer networks. 615 0$aComputers, Special purpose. 615 0$aSoftware engineering. 615 0$aArtificial intelligence. 615 0$aComputer systems. 615 14$aComputer Engineering and Networks. 615 24$aSpecial Purpose and Application-Based Systems. 615 24$aSoftware Engineering. 615 24$aArtificial Intelligence. 615 24$aComputer Communication Networks. 615 24$aComputer System Implementation. 676 $a307.1216 676 $a307.7612 702 $aNesmachnow$b Sergio$f1974- 702 $aHerna?ndez Callejo$b Luis 801 0$bMiAaPQ 801 1$bMiAaPQ 801 2$bMiAaPQ 906 $aBOOK 912 $a9910552749103321 996 $aSmart Cities$93584983 997 $aUNINA